[Event "Bayern ch 2008"]
[Site "Bad Neustadt /Saale"]
[Date "2008.09.03"]
[Round "6.15"]
[White "Palmi, Herbert"]
[Black "Holzer, Richard"]
[Result "0-1"]
[WhiteElo "2163"]
[BlackElo "2296"]
[PlyCount "108"]
[EventDate "2008.??.??"]
[WhiteTeam "SC Bayerwald/Regen"]
[BlackTeam "SK Passau 1869"]

1. e4 e5 2. Nf3 Nc6 3. Bc4 Nf6 4. Ng5 d5 5. exd5 Na5 6. Bb5+ c6 7. dxc6 bxc6 8.
Be2 h6 9. Nh3 Bf5 10. d3 Bc5 11. a3 Nb7 12. b4 $11 Bxh3 13. bxc5 Bf5 14. Bf3 e4
15. dxe4 Qxd1+ 16. Bxd1 Nxe4 17. O-O O-O 18. Be3 Nexc5 19. Nc3 Ne6 20. g4 Bg6
21. f4 f5 22. h3 Na5 23. Ne2 Nc4 24. Bc1 Rab8 25. Ng3 Nd4 26. Ne2 c5 27. Nxd4
cxd4 28. Be2 Rbc8 29. Bd3 Kh7 30. Rb1 Rc5 31. a4 fxg4 32. Bxg6+ Kxg6 33. hxg4
Re8 34. Rf2 Re1+ 35. Rf1 Re4 36. Kg2 Ne3+ 37. Bxe3 dxe3 38. Kf3 Rxa4 39. Kxe3
Rxc2 40. Kf3 Rc3+ 41. Kg2 Raa3 42. Rg1 Ra2+ 43. Kf1 Rf3+ 44. Ke1 Rxf4 45. Rg3
Rff2 46. g5 Rg2 47. Rxg2 Rxg2 48. Rb7 Rxg5 49. Rxa7 Rf5 50. Rb7 h5 51. Ra7 h4
52. Rb7 h3 53. Rb3 h2 54. Rh3 Rh5 0-1

[Event "Bayern ch 2008"]
[Site "Bad Neustadt /Saale"]
[Date "2008.09.03"]
[Round "6.16"]
[White "Sandner, Michael"]
[Black "Wild, Rudolf"]
[Result "0-1"]
[WhiteElo "2044"]
[BlackElo "2267"]
[PlyCount "72"]
[EventDate "2008.??.??"]
[WhiteTeam "SG Traunstein/Traunreut e.V."]
[BlackTeam "SK Krumbach"]

1. e4 c5 2. d4 cxd4 3. c3 dxc3 4. Nxc3 d6 5. Bc4 Nc6 6. Nf3 e6 7. O-O Nf6 8.
Qe2 a6 9. Rd1 Qc7 10. Bf4 Ne5 11. Nxe5 dxe5 12. Nb5 axb5 13. Bxb5+ Bd7 14.
Bxd7+ Nxd7 15. Rac1 Qb6 16. Be3 Qa5 17. Qd3 Nf6 18. Bg5 Bc5 19. b4 Qxb4 20.
Bxf6 gxf6 21. Qd7+ Kf8 22. Rb1 Qxe4 23. Rxb7 Bxf2+ 24. Kh1 Qg6 25. Qc6 Bd4 26.
Rb3 Rxa2 27. Qd6+ Kg7 28. Rg3 Rc8 29. Rxg6+ hxg6 30. Qd7 Rcc2 31. Qb7 Rab2 32.
Qf3 Rf2 33. Qg3 e4 34. h4 Rxg2 35. Qxg2 Rxg2 36. Kxg2 e5 0-1

[Event "Bayern ch 2008"]
[Site "Bad Neustadt /Saale"]
[Date "2008.09.03"]
[Round "6.17"]
[White "Otte, Marco"]
[Black "Kirch, Florian"]
[Result "1-0"]
[WhiteElo "2250"]
[BlackElo "2024"]
[PlyCount "125"]
[EventDate "2008.??.??"]
[WhiteTeam "SC Tarrasch 45 München"]
[BlackTeam "FSV Großenseebach"]

1. Nf3 Nf6 2. c4 e6 3. g3 d5 4. Bg2 c5 5. O-O Nc6 6. cxd5 exd5 7. d4 c4 8. Nc3
Bb4 9. Ne5 Qa5 10. Nxc6 bxc6 11. Qa4 Qxa4 12. Nxa4 O-O 13. Bg5 Re8 14. Bxf6
gxf6 15. Bf3 Bf5 16. b3 cxb3 17. axb3 Bc2 18. Rfc1 Bxb3 19. Rxc6 Kg7 20. Nc5
Bc4 21. Na6 Bc3 22. Rc1 Bxa6 23. R6xc3 Bxe2 $11 24. Bxd5 Rad8 25. Bc6 Re6 26.
d5 Re5 27. f3 a6 28. f4 Re4 29. Re1 Bd3 30. Rxe4 Bxe4 31. Kf2 Bxd5 32. Rd3 Bxc6
33. Rxd8 a5 34. Rd6 Be8 35. f5 a4 36. Ke3 Bb5 37. Rb6 Bc4 38. Rb4 Bb3 39. Rb8
Bd5 40. Kd4 Bb3 41. Kc3 Bd1 42. Kb4 Bc2 43. Ra8 Bb3 44. h4 Bd1 45. Kc5 Bc2 46.
Kd6 Bb3 47. Ke7 Bd1 48. Ra7 Bc2 49. Ke8 Bb3 50. g4 h6 51. Ke7 Bd1 52. Ra6 Bxg4
53. Rxf6 Bh5 54. Rd6 Be2 55. Rd4 Bb5 56. Rg4+ Kh7 57. Rb4 Bc6 58. Rc4 Bb5 59.
Rc5 Bd3 60. Kxf7 a3 61. Kf6 a2 62. Ra5 Bc4 63. Ra7+ 1-0

[Event "Bayern ch 2008"]
[Site "Bad Neustadt /Saale"]
[Date "2008.09.03"]
[Round "6.18"]
[White "Kaunzinger, Albert"]
[Black "Däubler, Heinrich"]
[Result "1-0"]
[WhiteElo "2226"]
[BlackElo "2171"]
[PlyCount "75"]
[EventDate "2008.??.??"]
[WhiteTeam "SC Gröbenzell"]
[BlackTeam "Schachclub Haselmühl"]

1. d4 d5 2. Bf4 c5 3. e3 Nf6 4. c3 Nc6 5. Nd2 Bf5 6. Qb3 Qb6 7. dxc5 Qxb3 8.
axb3 e5 9. Bg3 Bxc5 10. b4 Bd6 11. b5 Ne7 12. Ngf3 Ng6 13. Be2 O-O 14. O-O Rfe8
15. Ra2 Bc5 16. Rfa1 Rad8 17. b4 Bb6 18. c4 dxc4 19. Nxc4 Ne4 20. Nxb6 axb6 21.
Ra7 Bc8 22. Rc1 Nd6 23. h4 Nf5 24. Kh2 e4 25. Nd4 Nxd4 26. exd4 Rxd4 27. Ra8
Ne7 28. Bc7 Bd7 29. Rxe8+ Bxe8 30. Bxb6 Rd2 31. Bf1 f5 32. Be3 Rd7 33. b6 Nd5
34. Bc5 Bf7 35. Ra1 h6 36. Ra8+ Kh7 37. Bb5 Nxb6 38. Bxb6 1-0

[Event "Bayern ch 2008"]
[Site "Bad Neustadt /Saale"]
[Date "2008.09.04"]
[Round "7.1"]
[White "Jorczik, Julian"]
[Black "Schindler, Viktor"]
[Result "1/2-1/2"]
[WhiteElo "2359"]
[BlackElo "2111"]
[PlyCount "115"]
[EventDate "2008.??.??"]
[WhiteTeam "FC Bayern München e.V."]
[BlackTeam "PTSV SK Hof 1892"]

1. d4 Nf6 2. c4 g6 3. Nc3 d5 4. cxd5 Nxd5 5. e4 Nxc3 6. bxc3 Bg7 7. Qa4+ c6 8.
Bg5 O-O 9. Qa3 Re8 10. Bd3 Qd6 11. Qxd6 exd6 12. Ne2 c5 13. Be3 b6 14. Kd2 Ba6
{(=)} 15. Bxa6 Nxa6 16. f3 Nb8 17. Nf4 Nc6 18. Nd5 Rac8 19. Kd3 b5 20. Rab1 b4
21. cxb4 cxd4 22. Bf4 Ne7 23. Rhc1 Nxd5 24. exd5 Rc3+ 25. Rxc3 dxc3 26. Rc1 g5
27. Bg3 Rb8 28. a3 a5 29. Kc4 Rc8+ 30. Kd3 Rb8 31. Kc4 Rc8+ 32. Kb3 axb4 33.
axb4 Re8 34. Rc2 (34. Re1 Rd8 35. Re2) 34... f5 35. Bxd6 Rd8 36. Be7 Rxd5 37.
Bxg5 Rd1 38. Rc1 Rd7 39. Rc2 Kf7 40. Be3 Ke6 41. Kc4 f4 42. Bc1 Rc7+ 43. Kb3
Be5 44. Ra2 Rg7 45. b5 Rd7 46. Re2 Kf5 47. Kb4 Rd1 48. Rc2 Ke6 49. Ka5 Kd5 50.
Kb4 Rg1 51. Kb3 Re1 52. g3 fxg3 53. hxg3 Bxg3 54. Rxc3 h5 55. b6 Re7 56. Ba3
Rb7 57. Rc5+ Kd4 58. Rxh5 1/2-1/2

[Event "Bayern ch 2008"]
[Site "Bad Neustadt /Saale"]
[Date "2008.09.04"]
[Round "7.2"]
[White "Grimberg, Boris"]
[Black "Sternheimer, Erhard"]
[Result "1-0"]
[WhiteElo "2293"]
[BlackElo "2185"]
[PlyCount "71"]
[EventDate "2008.??.??"]
[WhiteTeam "SAbt TSV Haunstetten"]
[BlackTeam "SC Bad Königshofen 1957"]

1. e4 c5 2. Nf3 Nc6 3. d4 cxd4 4. Nxd4 Qb6 5. Nb3 Nf6 6. Nc3 e6 7. Be3 Qc7 8.
Bd3 Bb4 9. O-O Bxc3 10. bxc3 d6 11. c4 O-O 12. f4 Ne8 13. e5 f5 14. exf6 Nxf6
15. Qf3 e5 16. f5 e4 17. Bxe4 Ne5 18. Bd5+ Kh8 19. Qd1 Nfg4 20. Bd4 Bxf5 21. h3
Nh6 22. Qe2 Nc6 23. Bc3 Rfe8 $4 24. Qh5 Ne5 25. Rxf5 Nxf5 26. Qxf5 Rf8 27. Qg5
h6 28. Qg3 Rf5 29. Re1 Rg5 30. Qf4 Ng6 31. Qe3 Rf8 32. Nd4 Re5 33. Qd2 Qb6 34.
Kh2 Nh4 35. Nf3 Rxd5 36. Qxh6+ 1-0

[Event "Bayern ch 2008"]
[Site "Bad Neustadt /Saale"]
[Date "2008.09.04"]
[Round "7.3"]
[White "Köpke, Christian"]
[Black "de Francesco, Klaus"]
[Result "1/2-1/2"]
[WhiteElo "2330"]
[BlackElo "2362"]
[PlyCount "83"]
[EventDate "2008.??.??"]
[WhiteTeam "SC Tarrasch 45 München"]
[BlackTeam "SK Weilheim"]

1. e4 e6 2. d4 d5 3. Nc3 Nf6 4. e5 Nfd7 5. f4 c5 6. Nf3 Nc6 7. Be3 cxd4 8. Nxd4
Nxd4 9. Bxd4 Bc5 10. Qd2 Bxd4 11. Qxd4 Qb6 12. Qd2 O-O 13. O-O-O f6 14. exf6
Nxf6 {(=)} 15. g3 Bd7 16. Bh3 Rac8 17. Rhe1 Rfe8 18. g4 Bc6 19. Kb1 Ne4 20.
Nxe4 dxe4 21. g5 Kh8 22. Qe2 Qc5 23. Rd2 Bd5 24. b3 b5 25. Qe3 Qb4 26. Qd4 Rc4
27. Qf2 Rc3 28. Bg2 Rec8 29. f5 e3 {(=)} 30. Rxe3 Bxg2 31. Rxc3 Qxc3 32. Qxg2
exf5 33. Qd5 Rf8 34. Rd3 Qe1+ 35. Kb2 Qe8 36. Rf3 f4 37. Qd4 Qf7 38. h4 a6 39.
a3 Kg8 40. Qe4 Qc7 41. Qe6+ Kh8 42. Qe4 1/2-1/2

[Event "Bayern ch 2008"]
[Site "Bad Neustadt /Saale"]
[Date "2008.09.04"]
[Round "7.4"]
[White "Deglmann, Ludwig"]
[Black "Zehnter, Sebastian"]
[Result "1/2-1/2"]
[WhiteElo "2336"]
[BlackElo "2180"]
[PlyCount "33"]
[EventDate "2008.??.??"]
[WhiteTeam "FC Bayern München e.V."]
[BlackTeam "SV Würzburg von 1865 e.V."]

1. g3 e5 2. c4 Nc6 3. Bg2 d6 4. Nc3 Be6 5. d3 Qd7 6. Rb1 h6 7. b4 g5 8. b5 Nd8
9. e4 Bg7 10. h4 g4 11. Nge2 Ne7 12. Nd5 c6 13. bxc6 bxc6 14. Nxe7 Qxe7 15. Be3
O-O 16. O-O c5 17. Qa4 1/2-1/2

[Event "Bayern ch 2008"]
[Site "Bad Neustadt /Saale"]
[Date "2008.09.04"]
[Round "7.6"]
[White "Meister, Peter"]
[Black "Jussupow, Nadia"]
[Result "1-0"]
[WhiteElo "2390"]
[BlackElo "2166"]
[PlyCount "71"]
[EventDate "2008.??.??"]
[WhiteTeam "FC Bayern München e.V."]
[BlackTeam "SK Krumbach"]

1. d4 Nf6 2. c4 e6 3. Nf3 b6 4. e3 Bb7 5. Bd3 d5 6. O-O Nbd7 7. b3 Bd6 8. Bb2
Ne4 9. cxd5 exd5 10. Nbd2 O-O {(=)} 11. Rc1 Qe7 12. Re1 f5 13. Nf1 Rf7 14. Bb5
Raf8 15. Bxd7 Qxd7 16. Ne5 Bxe5 17. dxe5 f4 18. exf4 Rxf4 19. e6 Qxe6 20. Rxc7
R4f7 21. Rxf7 Qxf7 22. f3 Nf6 23. Ng3 Re8 24. Nf5 Re6 25. Kf2 h5 26. Nd4 Rxe1
27. Qxe1 Qe8 28. Qe3 Qxe3+ 29. Kxe3 Ne8 30. Kf4 Kf7 31. h4 g6 32. Ke5 a6 33.
Ne6 Ke7 34. Ba3+ Kd7 35. Nf8+ Kc7 36. Nxg6 1-0

[Event "Bayern ch 2008"]
[Site "Bad Neustadt /Saale"]
[Date "2008.09.04"]
[Round "7.7"]
[White "Schramm, Christian"]
[Black "Golda, Harald"]
[Result "1/2-1/2"]
[WhiteElo "2318"]
[BlackElo "2336"]
[PlyCount "43"]
[EventDate "2008.??.??"]
[WhiteTeam "SC 1959 Obernau"]
[BlackTeam "Schachklub Schweinfurt 2000 e.V."]

1. e4 c5 2. Nf3 d6 3. d4 cxd4 4. Nxd4 Nf6 5. Nc3 Nc6 6. g3 Bg4 7. f3 Bd7 8. Nb3
g6 9. Be3 Bg7 10. Qd2 O-O 11. O-O-O a5 12. a4 Rc8 13. Bh6 Bxh6 14. Qxh6 Nb4 15.
g4 Qb6 16. Qd2 Be6 (16... Nxc2 17. Qxc2 Bxa4 $19 18. Nxa4 Rxc2+ 19. Kxc2 Rc8+
20. Nc3 a4) 17. Bb5 Nd7 18. Kb1 Ne5 19. Nd4 Nc4 20. Bxc4 Rxc4 21. b3 Rc5 22.
Rc1 1/2-1/2

[Event "Bayern ch 2008"]
[Site "Bad Neustadt /Saale"]
[Date "2008.09.04"]
[Round "7.8"]
[White "Liepold, Stefan"]
[Black "Lentrodt, Thomas"]
[Result "1/2-1/2"]
[WhiteElo "2283"]
[BlackElo "2306"]
[PlyCount "119"]
[EventDate "2008.??.??"]
[WhiteTeam "SC Erlangen"]
[BlackTeam "FC Bayern München e.V."]

1. e4 c5 2. Nf3 e6 3. d4 cxd4 4. Nxd4 Nf6 5. Nc3 d6 6. g4 h6 7. Rg1 a6 8. h4 g6
9. Be3 Qc7 10. f3 Nc6 11. Qd2 Bd7 12. O-O-O Na5 13. Nb3 Nxb3+ 14. cxb3 Bc6 15.
Kb1 h5 16. Bd4 e5 17. g5 Nd7 18. Be3 b5 19. Bh3 Be7 20. Nd5 Bxd5 21. Qxd5 Rb8
22. Rc1 Qb7 23. Qxb7 Rxb7 24. Rc8+ Bd8 25. Rc6 Ke7 26. Bxd7 Kxd7 27. Rxa6 Be7
28. Rd1 Rc8 29. Rd3 Rc6 30. Rxc6 Kxc6 31. Rc3+ Kd7 32. a4 Bd8 33. Ka2 f6 34.
gxf6 Bxf6 35. Bf2 g5 36. hxg5 Bxg5 37. Rd3 Kc6 38. a5 b4 39. a6 Rb5 40. a7 Ra5+
41. Kb1 Bd8 42. Rd1 h4 43. Rc1+ Kb7 44. Rc4 h3 45. Rxb4+ Kc6 46. Rc4+ Kb7 47.
Rc1 Bb6 48. Bxb6 Kxb6 49. Rh1 Rxa7 50. Rxh3 Rf7 51. Kc2 Kb5 52. Kc3 Kc5 53. Kd3
Kb4 54. Ke3 Kxb3 55. Rh2 Rf6 56. Rd2 Rh6 57. Rd5 Kxb2 58. Kd3 Rf6 59. Rb5+ Kc1
60. Ke3 1/2-1/2

[Event "Bayern ch 2008"]
[Site "Bad Neustadt /Saale"]
[Date "2008.09.04"]
[Round "7.9"]
[White "Poetsch, Klaus"]
[Black "Reich, Thomas"]
[Result "1-0"]
[WhiteElo "2245"]
[BlackElo "2425"]
[PlyCount "73"]
[EventDate "2008.??.??"]
[WhiteTeam "SC Waldkraiburg"]
[BlackTeam "FC Bayern München e.V."]

1. d4 Nf6 2. Nf3 g6 3. c4 Bg7 4. Nc3 O-O 5. e4 c5 6. d5 d6 7. h3 e6 8. Bd3 exd5
9. cxd5 a6 10. a4 Nbd7 11. Bf4 Qe7 12. O-O Nh5 13. Bg5 Bf6 14. Bc1 Ne5 15. Be2
Nxf3+ 16. Bxf3 Ng7 17. a5 Be5 18. Na4 Qh4 19. Re1 Bd7 20. Nb6 Bb5 21. Nxa8 Rxa8
22. Be3 Bxb2 23. Qd2 Bxa1 24. Rxa1 Qe7 25. Re1 f6 26. Bd1 Re8 27. Bc2 g5 28. f4
gxf4 29. Bxf4 Kh8 30. Qf2 Nf5 31. e5 fxe5 32. Bxf5 Qf7 33. Bh6 Qf6 34. Be3 Rf8
35. Be6 Qg7 36. Qh4 Qg6 37. Qe7 1-0

[Event "Bayern ch 2008"]
[Site "Bad Neustadt /Saale"]
[Date "2008.09.04"]
[Round "7.10"]
[White "Klimpel, Thomas"]
[Black "Rother, Christoph"]
[Result "0-1"]
[WhiteElo "2154"]
[BlackElo "2291"]
[PlyCount "134"]
[EventDate "2008.??.??"]
[WhiteTeam "TSV Kareth-Lappersdorf"]
[BlackTeam "SV Fortuna Regensburg"]

1. d4 Nf6 2. Bg5 Ne4 3. Bf4 d5 4. e3 e6 5. Bd3 Bd6 6. Ne2 O-O 7. O-O b6 8. c4
Bb7 9. cxd5 exd5 10. Nbc3 Nxc3 11. bxc3 Bxf4 12. Nxf4 Nd7 13. Qf3 Nf6 14. Rfd1
Qd6 15. Rac1 Bc6 16. Nh5 Nxh5 17. Qxh5 g6 18. Qh6 Ba4 19. Re1 f5 20. c4 Qa3 21.
cxd5 Rf7 22. Bb1 Rd8 23. h4 Rxd5 24. h5 Qf8 25. Qf4 Qd6 26. Qh6 c5 27. hxg6
hxg6 28. dxc5 bxc5 29. Qh4 Be8 30. Qc4 Kf8 31. e4 fxe4 32. Bxe4 Rh5 33. g3 Re7
34. Bg2 Bf7 35. Qc3 c4 36. Rcd1 Rxe1+ 37. Rxe1 Kg8 38. Bf3 Rc5 39. Rd1 Qe5 40.
Rd8+ Kg7 41. Qxe5+ Rxe5 42. Rc8 Ra5 43. Rc7 Kf6 44. Be2 Ra4 45. f4 Be6 46. g4
Bd5 47. Kf2 c3 48. g5+ Kf5 49. Rc5 Rxf4+ 50. Ke3 Re4+ 51. Kd3 Kf4 52. Rxd5 Re3+
53. Kc2 Rxe2+ 54. Kxc3 Rxa2 55. Kb3 Rg2 56. Ra5 Rxg5 57. Rxa7 Re5 58. Kc3 g5
59. Kd4 Re8 60. Rf7+ Kg3 61. Rf1 g4 62. Rg1+ Kf3 63. Rf1+ Kg2 64. Rf4 g3 65.
Rf5 Kg1 66. Rg5 g2 67. Kd3 Rh8 0-1

[Event "Bayern ch 2008"]
[Site "Bad Neustadt /Saale"]
[Date "2008.09.04"]
[Round "7.11"]
[White "Röder, Frank"]
[Black "Röder, Gerd"]
[Result "1/2-1/2"]
[WhiteElo "2252"]
[BlackElo "2277"]
[PlyCount "32"]
[EventDate "2008.??.??"]
[WhiteTeam "SV Altensittenbach"]
[BlackTeam "SV Altensittenbach"]

1. c4 c5 2. Nc3 Nc6 3. f4 f5 4. Nf3 Nf6 5. g3 g6 6. Bg2 Bg7 7. O-O O-O 8. b3 b6
9. Bb2 Bb7 10. e3 e6 11. Rb1 Rb8 12. Qc1 Qc8 13. Nd1 Nd8 14. Ne1 Ne8 15. Ba1
Ba8 16. Bh1 Bh8 1/2-1/2

[Event "Bayern ch 2008"]
[Site "Bad Neustadt /Saale"]
[Date "2008.09.04"]
[Round "7.12"]
[White "Holzer, Richard"]
[Black "Barth, Norbert"]
[Result "0-1"]
[WhiteElo "2296"]
[BlackElo "2284"]
[PlyCount "100"]
[EventDate "2008.??.??"]
[WhiteTeam "SK Passau 1869"]
[BlackTeam "SK Schwandorf"]

1. e4 e5 2. Nf3 Nc6 3. Bc4 Bc5 4. b4 Bxb4 5. c3 Ba5 6. d4 d6 7. Qb3 Qd7 8. dxe5
Bb6 9. exd6 Na5 10. Qb4 Nxc4 11. Qxc4 Qxd6 12. Ba3 Be6 13. Qb5+ Qd7 14. Qb2 Nf6
15. Nbd2 Qa4 16. O-O O-O-O 17. Rfe1 Rhe8 18. e5 $2 Ng4 19. Re4 Bxf2+ 20. Kh1
Qa6 21. h3 Nh6 22. Nb3 Nf5 23. Qxf2 Qxa3 24. Nfd4 Nxd4 25. cxd4 Bxb3 26. Re3
Qa4 27. Rxb3 Qxd4 28. Qf5+ Rd7 29. Re1 g6 30. Qf3 Qd5 31. Qg3 Re6 32. Rb2 Ra6
33. Ree2 Ra4 34. Qf2 Rd4 35. a3 b6 36. Kh2 Re4 37. Qf6 Rxe2 38. Rxe2 Qe6 39.
Qh8+ Rd8 40. Qxh7 Qf5 41. Qh6 Rd4 42. Qe3 Rd3 43. Qh6 Kb7 44. Re3 Rd5 45. e6
fxe6 46. Qh4 Rd3 47. Qe4+ Qxe4 48. Rxe4 Rxa3 49. Rxe6 g5 50. Re5 Ra5 0-1

[Event "Bayern ch 2008"]
[Site "Bad Neustadt /Saale"]
[Date "2008.09.04"]
[Round "7.13"]
[White "Wild, Rudolf"]
[Black "Lochte, Thomas"]
[Result "1/2-1/2"]
[WhiteElo "2267"]
[BlackElo "2176"]
[PlyCount "99"]
[EventDate "2008.??.??"]
[WhiteTeam "SK Krumbach"]
[BlackTeam "SK Weilheim"]

1. Nf3 Nf6 2. g3 g6 3. Bg2 c5 4. c4 Nc6 5. d4 cxd4 6. Nxd4 Qb6 7. Nb5 Bg7 8.
Be3 Qd8 9. h3 O-O 10. N1c3 a6 11. Nd4 Nxd4 12. Qxd4 d6 13. Qd2 Qa5 {(=)} 14.
Rc1 Be6 15. b3 Rab8 16. Nd5 Qxd2+ 17. Kxd2 Bxd5 18. cxd5 Rbc8 19. f4 Nd7 20. b4
Bb2 21. Rc2 Rxc2+ 22. Kxc2 Bg7 23. Rc1 Rc8+ 24. Kd3 Rxc1 25. Bxc1 b5 26. Be3
Kf8 27. Bf2 Ke8 28. e4 Kd8 29. g4 Kc7 30. Bg3 Bb2 31. Bf3 Ba3 32. Kc3 f6 33.
Kb3 Bc1 34. a4 bxa4+ 35. Kxa4 g5 36. fxg5 Bxg5 37. Be2 Kb7 38. Ka5 Nb8 39. Bf2
Bd2 40. h4 Nd7 41. Bxa6+ Kc7 42. Ka4 Ne5 43. Be2 Kd7 44. b5 Kc7 45. b6+ Kb7 46.
Kb5 Nd7 47. Bf1 Bc1 48. Bh3 Ne5 {(=)} 49. Bd4 Nf3 50. Bf2 1/2-1/2

[Event "Bayern ch 2008"]
[Site "Bad Neustadt /Saale"]
[Date "2008.09.04"]
[Round "7.14"]
[White "Schatz, Christian"]
[Black "Otte, Marco"]
[Result "0-1"]
[WhiteElo "2209"]
[BlackElo "2250"]
[PlyCount "168"]
[EventDate "2008.??.??"]
[WhiteTeam "Schachzentrum Fürth 2002"]
[BlackTeam "SC Tarrasch 45 München"]

1. Nf3 d5 2. c4 c6 3. d4 Nf6 4. cxd5 cxd5 5. Nc3 g6 6. Bf4 a6 7. e3 Bg7 8. Bd3
O-O 9. O-O Nc6 10. Rc1 Nh5 11. Bg5 Be6 12. Na4 Qe8 13. Nc5 Bc8 14. Qb3 h6 15.
Bh4 g5 16. Bg3 Nxg3 17. hxg3 e6 18. Qb6 Qd8 19. Qxd8 Nxd8 20. Na4 Rb8 21. Nb6
Nc6 22. a3 Bf6 23. Rc2 Rd8 24. Rfc1 Bd7 25. b4 Be8 26. Nd2 Rd6 27. Nb3 Bd8 28.
Na4 Nxb4 29. axb4 Bxa4 30. Rb2 Bxb3 31. Rxb3 Rb6 32. b5 Be7 33. Ra1 Ra8 34. Rb2
a5 35. Ra4 Bd8 36. Rc2 Kf8 37. f4 Ke7 38. Kf2 Rd6 39. Kf3 Bb6 40. Rc1 Rg8 41.
g4 h5 42. f5 h4 43. Ra2 Rdd8 44. Rac2 Kf6 45. fxe6 fxe6 46. Ke2 Rgf8 47. Rc3
Ke7 48. Bc2 Rf7 49. Rf1 Rxf1 50. Kxf1 Rf8+ 51. Ke2 Kd8 52. Bb3 Rf6 53. Rc1 Kd7
54. Rf1 Rxf1 55. Kxf1 a4 56. Bxa4 e5 57. Bb3 Ke6 58. e4 exd4 59. Bxd5+ Ke5 60.
Bxb7 Kf4 61. Ke2 {(=)} Kxg4 62. Kd3 Kf4 63. Bc8 Bc5 64. Kc4 Ba7 65. Kd3 Bb6 66.
Bd7 g4 67. e5 g3 68. e6 h3 69. e7 hxg2 70. e8=Q g1=Q 71. Qe4+ (71. Qf7+ Kg5 72.
Qg7+ Kh5 73. Be8+ Kh4 74. Qh6+ Kg4 75. Bd7+ Kf3 76. Qh5+ Kg2 77. Bc6+ Kf1 78.
Qe2#) 71... Kg5 72. Qf5+ Kh6 73. Qe6+ Kg7 74. Qe7+ Kg6 75. Be8+ Kf5 76. Qe4+
Kf6 77. Qc6+ Ke5 78. Qe4+ Kd6 79. Qc6+ Ke7 80. Qd7+ Kf6 81. Qd6+ Kf5 82. Bd7+
Kg5 83. Qd5+ Kf6 84. Qe6+ Kg7 {ZÜ} 0-1

[Event "Bayern ch 2008"]
[Site "Bad Neustadt /Saale"]
[Date "2008.09.04"]
[Round "7.15"]
[White "Urytskyy, Michael"]
[Black "Kirch, Daniel"]
[Result "0-1"]
[WhiteElo "2084"]
[BlackElo "2042"]
[PlyCount "100"]
[EventDate "2008.??.??"]
[WhiteTeam "PTSV SK Hof 1892"]
[BlackTeam "FSV Großenseebach"]

1. e4 e5 2. d4 exd4 3. c3 d5 4. exd5 Qxd5 5. cxd4 Nc6 6. Nf3 Bg4 7. Be2 Bb4+ 8.
Nc3 Bxf3 9. Bxf3 Qc4 10. Be2 $2 Bxc3+ 11. bxc3 Qxc3+ 12. Bd2 Qxd4 13. Be3 Qxd1+
14. Rxd1 Nge7 15. O-O O-O 16. Rd7 Rac8 17. Rb1 Rfd8 18. Rxd8+ Nxd8 19. Bc5 {(=)
} Ng6 20. Bg4 Rb8 21. Rd1 b6 22. Be3 Ne5 23. Bh3 Ndc6 24. Rc1 Re8 25. g3 Re7
26. f4 Nf3+ 27. Kf2 Nfd4 28. Bg2 Nf5 29. Bc5 bxc5 30. Bxc6 Nd4 31. Bf3 Nxf3 32.
Kxf3 Kf8 33. Rxc5 Ke8 34. Rc6 Kd8 35. f5 Re5 36. g4 Ra5 37. Rc2 f6 38. Rd2+ Ke7
39. h4 Re5 40. Kf4 c6 41. g5 Rd5 42. Rb2 c5 43. Rb7+ Rd7 44. gxf6+ gxf6 45. Rb8
Rd4+ 46. Kg3 c4 47. Rh8 Kd6 48. Kf3 Rxh4 49. Re8 c3 50. Ke3 Rc4 0-1

[Event "Bayern ch 2008"]
[Site "Bad Neustadt /Saale"]
[Date "2008.09.04"]
[Round "7.16"]
[White "Kliche, Alexander"]
[Black "Kaunzinger, Albert"]
[Result "0-1"]
[WhiteElo "2211"]
[BlackElo "2226"]
[PlyCount "54"]
[EventDate "2008.??.??"]
[WhiteTeam "SC Kitzingen von 1905"]
[BlackTeam "SC Gröbenzell"]

1. e4 d6 2. d4 Nf6 3. Nc3 Nbd7 4. f4 e5 5. fxe5 dxe5 6. dxe5 Nxe5 7. Qxd8+ Kxd8
8. Bf4 Ng6 9. O-O-O+ Bd7 10. Bg3 Bb4 11. Nd5 Nxd5 12. exd5 Bd6 13. Bxd6 cxd6
14. Nf3 Ne5 15. Nxe5 dxe5 16. c4 f5 17. c5 Ke7 18. Kd2 g5 19. b4 a6 20. h4 g4
21. Bd3 e4 22. Bc2 Kf6 23. Rhf1 Ke5 24. Kc3 a5 25. a3 axb4+ 26. axb4 Ra3+ 27.
Kc4 b5+ 0-1

[Event "Bayern ch 2008"]
[Site "Bad Neustadt /Saale"]
[Date "2008.09.04"]
[Round "7.17"]
[White "Kirch, Florian"]
[Black "Sandner, Michael"]
[Result "0-1"]
[WhiteElo "2024"]
[BlackElo "2044"]
[PlyCount "98"]
[EventDate "2008.??.??"]
[WhiteTeam "FSV Großenseebach"]
[BlackTeam "SG Traunstein/Traunreut e.V."]

1. d4 c5 2. d5 Nf6 3. c4 b5 4. cxb5 a6 5. b6 e6 6. Nc3 exd5 7. Nxd5 Nxd5 8.
Qxd5 Nc6 9. Nf3 Rb8 10. Ne5 Qf6 11. Nxc6 dxc6 12. Qe4+ Be7 13. e3 O-O 14. Bd3
g6 15. Qa4 Rd8 16. Be4 Rxb6 17. O-O Rb4 18. Qc2 Bd6 19. f4 Be6 20. Bxc6 Bf5 21.
Qc3 Qxc3 22. bxc3 Rc4 23. Bb2 Bf8 24. Rfd1 Rb8 25. Bd5 Ra4 26. Bc6 Rc4 27. Bd5
Ra4 28. Rd2 Bg7 29. Rad1 c4 30. a3 Bd3 31. Bf3 Ra5 32. Be2 Bxe2 33. Rxe2 Rab5
34. Rdd2 Rb3 35. Rc2 Rd8 36. Kf2 Rd3 37. a4 Bxc3 38. Bxc3 Rdxc3 39. Rxc3 Rxc3
40. Ra2 f5 41. Ke2 Kf7 42. Kd2 Rd3+ 43. Ke2 Ke6 44. Rb2 Rb3 45. Ra2 Kd5 46. a5
Ke4 47. Rc2 c3 48. g3 Rb2 49. Kd1 Kd3 0-1

[Event "Bayern ch 2008"]
[Site "Bad Neustadt /Saale"]
[Date "2008.09.04"]
[Round "7.18"]
[White "Däubler, Heinrich"]
[Black "Palmi, Herbert"]
[Result "1/2-1/2"]
[WhiteElo "2171"]
[BlackElo "2163"]
[PlyCount "122"]
[EventDate "2008.??.??"]
[WhiteTeam "Schachclub Haselmühl"]
[BlackTeam "SC Bayerwald/Regen"]

1. d4 Nf6 2. Nf3 g6 3. c4 Bg7 4. Nc3 O-O 5. e4 d6 6. Be2 Bg4 7. Be3 c6 8. O-O
e5 9. dxe5 dxe5 10. Nxe5 Bxe2 11. Qxe2 Nxe4 12. Nxe4 Bxe5 13. Rad1 Qc7 14. Bc5
Rd8 15. Rxd8+ Qxd8 16. Rd1 Qc8 17. Bd6 Bg7 18. Be7 Nd7 19. c5 b5 20. Rd3 Qc7
21. Qd2 Ne5 22. Bd6 Qb7 23. Bxe5 Bxe5 24. Rd7 Qa6 25. f4 $2 (25. b3 $16) 25...
Qxa2 {BZ: W: 100 min (Rest 20), S: 42 min} 26. Ng5 Bxb2 27. Nxf7 Qa1+ 28. Kf2
Bg7 29. Nd8 Bf8 30. Nxc6 Bxc5+ 31. Kg3 Qa3+ 32. Kg4 Qb3 33. Qd5+ Qxd5 34. Rxd5
Bb6 35. Rxb5 Kg7 36. Kf3 Rc8 37. Nxa7 Rc3+ 38. Ke2 Bg1 39. Rb7+ Kh6 40. g4 Rc2+
41. Kf3 g5 42. fxg5+ Kxg5 43. Rxh7 Bxh2 {(=)} 44. Rh5+ Kg6 45. Nb5 Bg1 46. Nd6
Ra2 47. Nc4 Ra4 48. Ne5+ Kf6 49. Rf5+ Ke6 50. Ng6 Bh2 51. Nf8+ Ke7 52. g5 Bg1
53. Ng6+ Ke6 54. Rf6+ Kd7 55. Ne5+ Ke8 56. g6 Ra7 57. Ke4 Re7 58. Kf5 ({Fritz
10:} 58. Rf5 Bc5 59. Kd5 Ba3 60. Rf2 Rb7 61. Ke6 Ra7 62. Rh2 Bf8 63. Rh8 Ra6+
64. Kf5 Ra7 {[%eval 195,18]}) 58... Bd4 59. Re6 Rxe6 60. Kxe6 Kf8 61. Nf7 Bg7
1/2-1/2

[Event "Bayern ch 2008"]
[Site "Bad Neustadt /Saale"]
[Date "2008.09.05"]
[Round "8.1"]
[White "Schindler, Viktor"]
[Black "Grimberg, Boris"]
[Result "0-1"]
[WhiteElo "2111"]
[BlackElo "2293"]
[PlyCount "77"]
[EventDate "2008.??.??"]
[WhiteTeam "PTSV SK Hof 1892"]
[BlackTeam "SAbt TSV Haunstetten"]

1. e4 c5 2. Nf3 d6 3. d4 cxd4 4. Nxd4 Nf6 5. Nc3 g6 6. Be3 Bg7 7. f3 a6 8. a4
O-O 9. Nb3 Nc6 10. a5 Be6 11. Nd5 Bxd5 12. exd5 Ne5 13. f4 Neg4 14. Bb6 Qe8 15.
Be2 Nh6 16. O-O Nd7 17. Bd4 Nf5 18. Bxg7 Nxg7 19. Bf3 Rc8 20. Nd4 Nf6 21. Qd3
Qd7 22. c4 Rc5 23. b4 Rc7 24. b5 Nf5 25. bxa6 Nxd4 26. Qxd4 bxa6 27. Qb6 Ra8
28. Rfc1 Qc8 29. c5 Nd7 30. c6 Nxb6 31. axb6 Rb7 32. cxb7 Qxb7 33. Rab1 Rb8 34.
h3 a5 35. Kf2 a4 36. Rc7 Qa6 37. Be2 Qa5 38. Rb5 Qd2 39. b7 {Das Handy von
Weiß klingelte.} 0-1